000 00452nam a2200157 i 4500
001 90715
003 ES-MaACL
005 20230906180537.0
007 t|
008 050124s1922 fr ||||1| fre d
100 1 _aLeclercq, H.
_971093
245 1 0 _aHistoire de la regence pendant la minorité de Louis XV /
_cH. Leclercq.
260 _aParís :
_b[s.n.,
_c1922] (
_eAngers :
_fF. Gaulther)
300 _a3 v. ;
_c26 cm.
852 _aES-MaACL
_jC-3137-9
999 _c90715
_d90715